|
|
|
|
| LEADER |
00000nab a2200000 a 4500 |
| 001 |
vtls000647207 |
| 003 |
SK-MaSNL |
| 005 |
20260304084713.0 |
| 008 |
250425c1997 xo 0 slo |
| 015 |
|
|
|a SNBRB19rr/mm-uuuuu
|
| 035 |
|
|
|a CL0647346
|
| 035 |
|
|
|a urn:nbn:sk:snk-ab25t5
|
| 035 |
|
|
|a (urnnbn)urn:nbn:sk:snk:ar-a01psc
|
| 035 |
|
|
|a (uuid)7634429f-9df4-4e42-b133-cb70cb59affb
|
| 040 |
|
|
|a SNKBUCL
|b slo
|c SNKBUCL
|e AACR2
|
| 041 |
0 |
|
|a slo
|
| 044 |
|
|
|a xo
|c SK
|
| 080 |
|
|
|a 336.747.1(73)
|2 1981
|
| 080 |
|
|
|a 766(73)
|2 1981
|
| 100 |
1 |
|
|a Boskovičová, Rozália
|4 aut
|9 910850
|
| 245 |
1 |
0 |
|a Nová bankovka 50 USD
|b Z histórie novej série
|c Rozália Boskovičová
|
| 300 |
|
|
|b Obr. 1
|
| 650 |
0 |
7 |
|a bankovky
|2 snkbucl
|9 2331
|
| 651 |
|
7 |
|a Spojené štáty americké
|2 snkbucl
|9 18262
|
| 655 |
|
7 |
|a články z novín a časopisov
|2 snkbucl
|9 267496
|
| 773 |
0 |
|
|t Biatec
|g Roč. 5, č. 12 (1997), s. 23-24
|x 1335-0900
|
| 850 |
|
|
|a Slovenská národná knižnica
|
| 852 |
|
|
|a Slovenská národná knižnica
|
| 954 |
|
|
|a odborná, vedecká literatúra pôvodná (slovenská)
|2 lita
|
| 958 |
|
|
|a article2022
|
| 958 |
|
|
|a US
|
| 958 |
|
|
|a RK
|
| 958 |
|
|
|a OND
|
| 958 |
|
|
|a EUIPO
|
| 992 |
|
|
|a RBX
|
| 999 |
|
|
|c 2804813
|d 2806743
|